Statistics for Tampa Bay Rays: All-Star Selections

Click here to take the quiz!

General Stats

  • This quiz has been taken 182 times
    (104 since last reset)
  • The average score is 11 of 34

Answer Stats

PositionAmount of SelectionsPlayer% Correct
3B3Evan Longoria
93%
P4David Price
85%
LF4Carl Crawford
71%
P1James Shields
58%
C1Mike Zunino
58%
1B1Carlos Peña
56%
2B1Ben Zobrist
51%
P1Blake Snell
47%
P1Chris Archer
45%
2B1Brandon Lowe
44%
P1Shane McClanahan
42%
1B1Fred McGriff
38%
P2Scott Kazmir
35%
P1Fernando Rodney
29%
OF1Austin Meadows
27%
C1Dioner Navarro
25%
OF1José Canseco
25%
P1Roberto Hernández
22%
C1Wilson Ramos
20%
2B1Joey Wendle
18%
LF1Corey Dickerson
16%
LF1Greg Vaughn
16%
SS1Jason Bartlett
16%
P1Matt Moore
16%
P1Rafael Soriano
16%
P1Alex Colomé
13%
P1Andrew Kittredge
13%
P1Brad Boxberger
13%
P1Charlie Morton
13%
OF1Matthew Joyce
13%
P1Danys Báez
11%
P1Lance Carter
9%
OF1Randy Winn
9%
P1Rolando Arrojo
9%

Score Distribution

Percentile by Number Answered

Percent of People with Each Score

Your Score History

You have not taken this quiz since the last reset